000 00654nam a2200169Ia 4500
008 151213s9999 xx 000 0 und d
020 _a984-073158-0
100 _aস্বরোচিষ সরকার।
245 _aকথা সাহিত্য ও নাটকে মুসলিম সংস্কাÍ চেতন।
_cস্বরোচিষ সরকার।
250 _a১ম সং
260 _aঢাকা
_bবাংলা একাডেমী।
_c1995
300 _a4454 p.
650 _aBangla
650 _aগবেষণা গ্রন্ত
700 _aস্বরোচিষ সরকার।
999 _c2829
_d2829